Metódy a techniky používané na simuláciu evakuácie davu v reálnom čase

Existujúce metódy simulácie evakuácie davu pri krízových udalostiach, využívaných na Slovensku a v Európskej únii. Návrh využitia týchto metód s cieľom evakuácie územia.

Salvato in:
Dettagli Bibliografici
Autore principale: Gašparíková, Zuzana
Altri autori: Prievozník, Pavol
Natura: Capitolo di libro
Lingua:slovacco
Soggetti:
Tags: Aggiungi Tag
Nessun Tag, puoi essere il primo ad aggiungerne!!

MARC

LEADER 00000naa a2200000 4500
001 0307004
005 20250213122827.7
041 0 |a slo 
044 |a SK 
245 1 0 |a Metódy a techniky používané na simuláciu evakuácie davu v reálnom čase  |c Zuzana Gašparíková, Pavol Prievozník 
520 |a Existujúce metódy simulácie evakuácie davu pri krízových udalostiach, využívaných na Slovensku a v Európskej únii. Návrh využitia týchto metód s cieľom evakuácie územia. 
610 2 0 |a simulácia 
610 2 0 |a metódy 
610 2 0 |a kríza 
610 2 0 |a softvér 
610 2 0 |a bezpečnosť 
610 2 0 |a ochrana civilná 
610 2 0 |a ochrana pracovníkov 
610 2 0 |a ochrana zdravia 
100 1 |a Gašparíková, Zuzana 
700 1 |a Prievozník, Pavol